000 01085nam a2200325 i 4500
001 bg
100 1 _aLEITNER, Roman.
245 1 0 _aZadania z matematyki wyższej.
_nCz. 2 /
_cRoman Leitner, Wojciech Matuszewski, Zdzisław Rojek.
260 _aWarszawa :
_bWydawnictwa Naukowo-Techniczne,
_c1999.
300 _a325, [3] s. :
_brys., wykr. ;
_c21 cm.
521 _aDla studentów wyższych szkół technicznych, niektórych wydziałów uniwersytetów i uczelni pedagogicznych.
650 9 _aAnaliza matematyczna
650 9 _aRachunek całkowy
650 9 _aRównania różniczkowe
650 9 _aCiągi
650 9 _aSzeregi
655 _aĆwiczenia i zadania
655 _aĆwiczenia i zadania dla szkół wyższych
700 1 _aMATUSZEWSKI, Wojciech.
700 1 _aROJEK, Zdzisław.
020 _a8320423546 (cz. 2)
020 _a8320423384 (całość)
040 _cBPK
041 0 _apl
080 _a517(075.8)(076)
920 _a83-204-2354-6 (cz. 2)
920 _a83-204-2338-4 (całość)
942 _cKS
008 s pl f |000 0 pol
999 _c36109
_d36109
856 _uhttp://koha.tu.koszalin.pl/cgi-bin/koha/opac-detail.pl?biblionumber=36109
_yKatalog online BPK